| 000 | 02503cam a22005054i 4500 | ||
|---|---|---|---|
| 003 | PE-LiUPU | ||
| 005 | 20250731165603.0 | ||
| 008 | 150625s r 000 0 d | ||
| 020 | _a9789871004126 | ||
| 035 | _a(Sirsi) i9789871004126 | ||
| 040 |
_aPE-LiUPU _bspa _cPE-LiUPU _erda |
||
| 049 | _aPRUA | ||
| 082 | 0 | 4 |
_a070.195 _bM26 _221 |
| 100 | 1 |
_aMartinchuk, Ernesto, _eautor. |
|
| 245 | 1 | 0 |
_aTelevisión para periodistas : _bun enfoque práctico / _cErnesto Martinchuk y Diego Mietta. |
| 264 | 1 |
_aBuenos aires : _bLa Crujía, _c2007. |
|
| 300 |
_a139 páginas ; _c20 centímetros |
||
| 336 |
_atext _2rdacontent |
||
| 337 |
_aunmediated _2rdamedia |
||
| 338 |
_avolume _2rdacarrier |
||
| 505 | 0 | _aTécnicas periodísticas en televisión. -Exigencias. -Valores informativos en la TV. -La nota color. -El estilo televisivo. -El Valor visual. -El trabajo de compaginación. -Etapas de la progresión narrativa. -Imagen y sonido. -Etapas en la realización. -Secuencias y montaje. -Técnicas de la entrevista. -Entrevista televisiva. -El guión. -Más sobre la claridad. -Todas las preguntas. La respuesta. -Atribuciones de declaraciones. -El equipo de grabación. -Manual de estilo. -Jefatura de proyecto. -La ética. -Prácticas periodisticas en televisión. -¿Qué es un periodista?. -La jornada en un noticiero de televisión. -Fuentes de información. -El archivo. -La tecnología al servicio de la información. -La imagen digital en tiempos real. -Cargo y puestos de tarea. -La puesta en el aire. | |
| 526 | _aSEG44 | ||
| 526 | _aSEG26 | ||
| 526 | _aP151 | ||
| 526 | _aP150 | ||
| 526 | _aP149 | ||
| 526 | _aP146 | ||
| 526 | _aP145 | ||
| 526 | _aP126 | ||
| 526 | _aP125 | ||
| 526 | _aP92 | ||
| 526 | _aP75 | ||
| 526 | _aP74 | ||
| 526 | _aP27 | ||
| 526 | _aP15 | ||
| 541 | _g001-0029256; | ||
| 650 | 0 | 4 |
_aPeriodistas de television _zArgentina. |
| 650 | 0 | 4 |
_aTeledifusión de noticias _zArgentina. |
| 700 | 1 |
_aMietta, Diego, _eautor. |
|
| 942 |
_2ddc _cBOOK |
||
| 949 |
_a070.195 M26 _wDEWEY _c1 _i59182 _d2016-9-8 _e2016-9-8 _lCCODEBUL1 _mBUL _n1 _p15.00 _r0 _sY _tBOOK _u2015-6-25 _xEDUCACION _PP07 _0COMPRA _o.STAFF. Colección General |
||
| 994 |
_aC0 _bPEPRU |
||
| 596 | _a1 | ||
| 999 |
_a070.195 M26 _wDEWEY _c47992 _i59182 _d47992 _e2018-8-20 _f2021-11-8 _g5 _lCCODEBUL1 _mBUL _n2 _p15.00 _r0 _sY _tBOOK _u2015-6-25 _xEDUCACION _PP07 _0COMPRA _o.STAFF. Colección General |
||
| 980 |
_81 _gALBERTO SANCHEZ Responsable de Automatización |
||